| 000 | 00464nam a22001577a 4500 | ||
|---|---|---|---|
| 999 |
_c152 _d152 |
||
| 005 | 20180808144746.0 | ||
| 008 | 180808b ||||| |||| 00| 0 eng d | ||
| 040 | _cDLC | ||
| 082 |
_a248 _bS949M |
||
| 100 | _aSullivan, Jerry | ||
| 245 |
_aTHe Much More Principle: _bThe Over Flowing Store House: The Tithe Releases The Increase _cJerry Sullivan |
||
| 260 |
_aSrivilliputhur _bGood News Publishers |
||
| 300 | _a31 p. : | ||
| 650 | _aChristian Life | ||
| 942 |
_2ddc _cBK |
||